000 00599nam a22001817a 4500
005 20230920163218.0
010 _aENG-134700
020 _a9789350578063
_c195.00
035 _aEN-118232
037 _bDBAD/PUB
082 _a641.5
100 _aChatterjee, Rupa
_957166
245 _aBecome A Healthy Homemaker:
_bA Health Management Guide for Housewives/
_cBy Rupa Chatterjee
260 _aNew Delhi
_bV & S Publishers
_c2017
270 _aF-2/16, Ansari Road, Daryaganj
_bNew Delhi
_e110002
_minfo@vspublishers.com
300 _a84p.
_c24cm(pbk)
942 _2ddc
_cEN
_h641.5
_mCHA
999 _c191430
_d191430